<?xml version="1.0" encoding="UTF-8"?>
<collection xmlns:xsi="http://www.w3.org/2001/XMLSchema-instance" xsi:schemaLocation="http://www.loc.gov/MARC21/slim http://www.loc.gov/standards/marcxml/schema/MARC21slim.xsd" xmlns="http://www.loc.gov/MARC21/slim">
 <record>
  <leader>00000cam a22000004i 4500</leader>
  <controlfield tag="001">UP-1685523046126300725</controlfield>
  <controlfield tag="003">Buklod</controlfield>
  <controlfield tag="005">20150615150845.0</controlfield>
  <controlfield tag="006">m     o  j        </controlfield>
  <controlfield tag="007">ta</controlfield>
  <controlfield tag="008">121001s2012    enkm   frb   a001 0|eng d</controlfield>
  <datafield tag="020" ind1=" " ind2=" ">
   <subfield code="a">9780198717386</subfield>
  </datafield>
  <datafield tag="035" ind1=" " ind2=" ">
   <subfield code="a">(iLib)UPMNL-00013424087</subfield>
  </datafield>
  <datafield tag="037" ind1=" " ind2=" ">
   <subfield code="a">CPH-14933</subfield>
   <subfield code="b">Purchase</subfield>
   <subfield code="c">Php8,008.00</subfield>
  </datafield>
  <datafield tag="040" ind1=" " ind2=" ">
   <subfield code="a">UPCPH</subfield>
   <subfield code="e">rda</subfield>
  </datafield>
  <datafield tag="041" ind1="0" ind2=" ">
   <subfield code="a">eng</subfield>
  </datafield>
  <datafield tag="090" ind1=" " ind2="0">
   <subfield code="a">BL 65</subfield>
   <subfield code="b">O94 2012</subfield>
  </datafield>
  <datafield tag="245" ind1="0" ind2="0">
   <subfield code="a">Oxford textbook of spirituality in healthcare</subfield>
   <subfield code="c">edited by Mark Cobb, Christina M. Puchalski and Bruce Rumbold.</subfield>
  </datafield>
  <datafield tag="246" ind1="3" ind2="0">
   <subfield code="a">Spirituality in healthcare.</subfield>
  </datafield>
  <datafield tag="264" ind1=" " ind2="1">
   <subfield code="a">Oxford</subfield>
   <subfield code="b">Oxford University Press</subfield>
   <subfield code="c">2012.</subfield>
  </datafield>
  <datafield tag="300" ind1=" " ind2=" ">
   <subfield code="a">xvi, 501 pages</subfield>
   <subfield code="b">illustrations</subfield>
   <subfield code="c">28 cm.</subfield>
  </datafield>
  <datafield tag="336" ind1=" " ind2=" ">
   <subfield code="a">text</subfield>
   <subfield code="2">rdacontent</subfield>
  </datafield>
  <datafield tag="337" ind1=" " ind2=" ">
   <subfield code="a">unmediated</subfield>
   <subfield code="2">rdamedia</subfield>
  </datafield>
  <datafield tag="338" ind1=" " ind2=" ">
   <subfield code="a">volume</subfield>
   <subfield code="2">rdacarrier</subfield>
  </datafield>
  <datafield tag="490" ind1="1" ind2=" ">
   <subfield code="a">Oxford textbooks in public health.</subfield>
  </datafield>
  <datafield tag="501" ind1=" " ind2=" ">
   <subfield code="a">Internet access card bound inside front matter.</subfield>
  </datafield>
  <datafield tag="504" ind1=" " ind2=" ">
   <subfield code="a">Includes bibliographical references and index.</subfield>
  </datafield>
  <datafield tag="505" ind1="0" ind2=" ">
   <subfield code="a">Medicine and religion: a historical perspective / Gary B. Ferngren -- Buddhism: perspectives for the contemporary world / Kathleen Gregory -- Chinese religion: Taoism / Russell Kirkland -- Christianity / Alister E. McGrath -- Feminist spirituality / Susan A. Ross -- Indian religion and the Ayurvedic tradition / Prakash N. Desai -- The Western humanist tradition / Stan van Hooft -- Indigenous spiritualities / Graham Harvey -- Islam / Abdulaziz Sachedina -- Judaism / Dan Cohn-Sherbok -- &quot;New Age&quot; spirituality / Paul Heelas -- Philosophy / Graham Oppy -- Secularism / Trevor Stammers, Stephen Bullivant -- Sikhism / Eleanor Nesbitt -- Healthcare spirituality: a question of knowledge / John Swinton -- Personhood / Rosalie Hudson -- Belief / Mark Cobb -- Hope / Jaklin Eliott -- Meaning making / Laurie A. Burke, Robert A. Neimeyer -- Compassion: luxury or necessity? / Carol Taylor, Susan Walker -- Dignity: a novel path into the spiritual landscape of the human heart / Shane Sinclair, Harvey M. Chochinov -- Cure and healing / Lodovico Balducci, H. Lee Modditt -- Suffering / Betty Ferrell, Catherine Del Ferraro -- Ritual / Douglas J. Davies -- Culture and religion / Peter van der Veer -- Models of spiritual care / Bruce Rumbold -- Healthcare chaplaincy / Chris Swift, George Handzo, Jeffrey Cohen -- Complementary, alternative, and integrative medicine / Margaret L. Stuber, Brandon Horn -- Restorative medicine / Christina M. Puchalski -- Nursing / Wilfred McSherry, Linda Ross -- Faith community (parish) nursing / Antonia M. van Loon -- Psychiatry and mental health treatment / James L. Griffith -- Social work / Margaret Holloway -- Care of children / Patricia Fosarelli -- Care of elderly people / Elizabeth MacKinlay -- Palliative care / Jackie Ellis, Mari Lloyd-Williams -- Spirituality and the arts: discovering what really matters / Nigel Hartley -- Care of the soul / Michael Kearney, Radhule Weininger -- Counselling / William West -- Dignity conserving care: research evidence / Shane Sinclair, Harvey M. Chochinov -- Pastoral theology in healthcare settings: blessed irritant for holistic human care / Emmanuel Y. Lartey -- Next steps for spiritual assessment in healthcare / George Fitchett -- Methodology / David Hufford -- Measures / Arndt BËussing -- On the links between religion and health: what has empirical research taught us? / Hisham Abu-Raiya, Kenneth I. Pargament -- Quality of life / Bella Vivat -- Cognitive sciences: a perspective on spirituality and religious experience / Kevin S. Seybold -- Spiritual Well-Being Scale: mental and physical health relationships / Raymond F. Paloutzian, Rodger K. Bufford, Ashley J. Wildman -- Prayer and meditation / Marek Jantos -- Resiliency and coping / Gregory Fricchione, Shamim Nejad -- Spiritual experience, practice and community / Fiona Gardner -- Policy / Bruce Rumbold, Mark Cobb, Christina M. Puchalski -- Healthcare organizations: corporate spirituality / Neil Pembroke -- Utility and commissioning of spiritual carers / Lindsay B. Carey -- Social care / Holly Nelson-Becker, Mary Pat Sullivan -- Curriculum development in spirituality and health in the health professions / Christina M. Puchalski, Mark Cobb, Bruce Rumbold -- Clinical Pastoral Education / Angelika A. Zollfrank, Catherine F. Garlid -- Competences in spiritual care education and training / Ewan Kelly -- Guidance from the humanities for professional formation / Nathan Carlin, Thomas Cole, Henry Strobel -- Training and formation: a case study / Fiona Gardner -- Interdisciplinary teamwork / Peter Speck -- Ethical principles for spiritual care / Daniel P. Sulmasy -- Contemporary spirituality / David Tacey -- The future of religion / Grace Davie, Martyn Percy -- The future of spirituality and healthcare / Mark Cobb, Bruce Rumbold, Christina M. Puchalski.</subfield>
  </datafield>
  <datafield tag="520" ind1=" " ind2=" ">
   <subfield code="a">Spirituality and healthcare is an emerging field of research. Healthcare organisations and practitioners are therefore challenged to understand and address spirituality, to develop their knowledge and implement effective policy. This reference text on the subject provides a comprehensive overview of key topics.</subfield>
  </datafield>
  <datafield tag="650" ind1=" " ind2="0">
   <subfield code="a">Medical care</subfield>
   <subfield code="x">Religious aspects.</subfield>
  </datafield>
  <datafield tag="650" ind1=" " ind2="0">
   <subfield code="a">Health</subfield>
   <subfield code="x">Religious aspects.</subfield>
  </datafield>
  <datafield tag="700" ind1="1" ind2=" ">
   <subfield code="a">Cobb, Mark</subfield>
   <subfield code="e">editor.</subfield>
  </datafield>
  <datafield tag="700" ind1="1" ind2=" ">
   <subfield code="a">Puchalski, Christina M.</subfield>
   <subfield code="e">editor.</subfield>
  </datafield>
  <datafield tag="700" ind1="1" ind2=" ">
   <subfield code="a">Rumbold, Bruce D.</subfield>
   <subfield code="e">editor.</subfield>
  </datafield>
  <datafield tag="830" ind1=" " ind2="0">
   <subfield code="a">Oxford textbooks in public health.</subfield>
  </datafield>
  <datafield tag="905" ind1=" " ind2=" ">
   <subfield code="a">FO</subfield>
  </datafield>
  <datafield tag="852" ind1="0" ind2=" ">
   <subfield code="a">UPMNL</subfield>
   <subfield code="b">CPH</subfield>
   <subfield code="h">BL65 O94 2012</subfield>
  </datafield>
  <datafield tag="942" ind1=" " ind2=" ">
   <subfield code="a">Book</subfield>
  </datafield>
 </record>
</collection>
